Score 0/32 Timer 06:00
3 Plays Today
Near-Death Experience % Correct
Fluffy
95.6%
Quirinus Quirrell
93.7%
Sirius Black
92.2%
Whomping Willow
91.9%
Avada Kedavra
90.6%
Dementor
90%
Basilisk
89%
Remus Lupin
88.3%
Severus Snape
88.2%
Draco Malfoy
88.1%
Aragog
87.8%
Barty Crouch Jr.
86.6%
Unicorn
86.2%
Ron Weasley
86.1%
Rogue Bludger
86.1%
Lord Voldemort
86%
Near-Death Experience % Correct
Dudley Dursley
85.7%
Nimbus 2000
84.9%
Ministry of Magic
84.6%
Bill Weasley
83%
Death Eaters
81.2%
Hungarian Horntail
74.6%
King's Cross
74.3%
Vincent Crabbe
73.9%
Peter Pettigrew
70.7%
Centaurs
68.4%
Godric's Hollow
67.3%
Inferi
60.3%
Grindylow
50.7%
Little Whinging
42.6%
Little Hangleton
37.1%
Tottenham Court Road
23%

You're not logged in!

Compare scores with friends on all Sporcle quizzes.
OR
Log In

Sporcle TV

Today on Sporcle TV


Watch our educational content, quiz creation guides, and fun videos on Sporcle TV.

Show Comments

Extras

Top Quizzes Today


Score Distribution

Paid Content

Your Account Isn't Verified!

In order to create a playlist on Sporcle, you need to verify the email address you used during registration. Go to your Sporcle Settings to finish the process.

Report this User

Report this user for behavior that violates our Community Guidelines.

Details: